KUUMAA - "Pisara meressä" - Statistics

Yleistilastot
  • Tätä visaa on pelattu 64 kertaa
  • Keskiarvotulos 136 / 185
Vastaustilastot
Vastaus % Oikein
me
90%
Pisara
90%
87%
Ne
83%
on
83%
oot
83%
sua
83%
ku
80%
Ni
80%
Se
80%
se
80%
Terapeutti
80%
vaan
80%
duunista
77%
ei
77%
Ei
77%
huomenna
77%
kaikki
77%
Kyl
77%
meressä
77%
oli
77%
potkut
77%
Puhutaanko
77%
saat
77%
siin
77%
Tuli
77%
tuurista
77%
uudestaan
77%
Vai
77%
vaiheita
77%
ymmärrä
77%
auttanu
73%
Ja
73%
kipulääkkeet
73%
meni
73%
mikä
73%
murheet
73%
pieleen
73%
Viel
73%
viel
73%
Yrittää
73%
hommat
70%
irtoo
70%
läksyt
70%
Mitä
70%
Mut
70%
opit
70%
osua
70%
Ota
70%
sitten
70%
sun
70%
teet
70%
vastaan
70%
vetää
70%
vihkoon
70%
Voit
70%
huolii
67%
Kävi
67%
niin
67%
painavia
67%
Sul
67%
edessä
63%
kakskytviis
63%
kevät
63%
Tää
53%
sovi
50%
sulle
50%
ollenkaan
47%
Älä
43%
koita
43%
ees
40%
juttu
40%
luovuttaa
40%
Kelataan
37%
Ehtoja vastaavia visoja ei löytynyt
Tulosjakauma
Jokaisen tuloksen saaneiden osuus
Persentiili vastausten määrän mukaan
Tuloshistoriasi
Et ole pelannut tätä visaa